| 000 | 01003nam a22002537a 4500 | ||
|---|---|---|---|
| 005 | 20170531111608.0 | ||
| 010 | _a1516EN07 ENG-114601 | ||
| 020 |
_a9789350716410 _c375.00 |
||
| 035 | _aEN-98133 | ||
| 035 | _aB-606943-962 | ||
| 035 | _aB-666048 | ||
| 037 |
_aDPL _bVariety |
||
| 037 | _bDBAD/PUB | ||
| 082 | _a338.7 | ||
| 100 | _aSalwan, P.M. | ||
| 245 |
_aTaxmann's business economics / _cby P.M. Salwan [and] Jay Sodani |
||
| 260 |
_aNew Delhi _bTaxmann Publications _c2015 |
||
| 270 |
_a59/32, New Rohtak Road _bNew Delhi _e110005 |
||
| 300 |
_aI-10,357p. _c28cm(pbk) |
||
| 700 | _aSodani, Jay | ||
| 942 |
_2ddc _cEN _mSAL _h338.7 |
||
| 999 |
_c95553 _d95553 |
||